| 000 | 01861cam a2200361 a 4500 | ||
|---|---|---|---|
| 999 |
_c23496 _d23496 |
||
| 001 | 14683355 | ||
| 005 | 20170126114859.0 | ||
| 008 | 061229s2007 njuab b 001 0 eng | ||
| 010 | _a 2006103523 | ||
| 015 |
_aGBA698375 _2bnb |
||
| 016 | 7 |
_a013607637 _2Uk |
|
| 020 | _a0471998494 (cloth) | ||
| 020 | _a9780471998495 (cloth) | ||
| 035 | _a(OCoLC)ocm76798200 | ||
| 035 | _a(OCoLC)76798200 | ||
| 050 | 0 | 0 | _aNA1996 .E487 2007 |
| 100 | 1 | _aElvin, George. | |
| 245 | 1 | 0 |
_aIntegrated practice in architecture : _bmastering design-build, fast-track, and building information modeling / _cGeorge Elvin. |
| 260 |
_aHoboken, N.J. : _bJohn Wiley & Sons, _cc2007. |
||
| 300 |
_axi, 255 p. : _bill., map ; _c25 cm. |
||
| 504 | _aIncludes bibliographical references (p. 219-225) and index. | ||
| 505 | 0 | _aWhy integrate? -- Introducing integrated practice -- What is integrated practice? -- Strategies and methods of integrated practice -- Building the integrated project team -- Planning the integrated project -- Communication and building information modeling -- Managing risk, uncertainty, and change -- Putting ideas to work -- Adopting integrated practice -- Beyond fragmentation -- Stewardship and the future of integrated practice. | |
| 650 | 0 | _aArchitectural practice. | |
| 650 | 0 | _aArchitects and builders. | |
| 650 | 0 | _aBuilding management. | |
| 856 | 4 | 1 |
_3Table of contents only _uhttp://www.loc.gov/catdir/toc/ecip077/2006103523.html |
| 942 |
_2lcc _cBOOKS |
||